00954cam a2200253 a 450000100060000000300080000600500170001400800390003102000220007003500190009204000320011104100080014308200220015124501640017326000640033730000330040149000310043450400300046565000420049565000500053770000290058770000250061683000590064119514BD-RjUL20211209000437.0140224s1986 ilua bs 000 0 eng a0844254266 (pbk.) a(BD-RjUL)19574 aDLCcDLCdDLCdBD-RjULbeng aeng00a338.1873219bAGR04aThe Agriculture crisis :ba critical analysis of the agricultural policy of the United States /c[compiled by] Thomas J. Hynes, William F. Campbell.nVolume II aLincolnwood, Ill., U.S.A. :bNational Textbook Co.,cc1986. axi, 233 p. :bill. ;c23 cm.1 aContemporary issues series aBibliography: p. 225-233. 0aAgriculture and statezUnited States. 0aAgriculturexEconomic aspectszUnited States.1 aHynes, Thomas J.,d1949-1 aCampbell, William F. 0aContemporary issues series (National Textbook Company)